000 00940nas a2200301 4500
001 BR0800111
003 BR-BrBNA
005 20231205111435.0
007 ta
008 230509b bl.|||p| |||| 00| 00por d
040 _aBR-BrBNA
_bpor
_cBiblioteca Nacional de Agricultura
041 _a(Pt)
072 _aL74
100 1 _aScarcelli, E.
100 1 _aGenovez, M.E.
100 1 _aBersano, J.G.
100 1 _aCardoso, M.V.
245 1 _aIsolamentos de Arcobacter Cryaerophilus de fetos suínos e bovinos abortados no estado de São Paulo
_bComunicação Científica
650 _aDISTÚRBIO FISIOLÓGICO
650 _aISOLAMENTO ANIMAL
650 _aSUÍNO
650 _aBOVINO
650 _aBACTÉRIA
650 _aPATOGENICIDADE
773 0 _tArquivos do Instituto Biológico (Brazil)
_xISSN 0020-3653
_g(Jul-Dec 1998), v. 65(2) p. 131-133
_wBR0800111
909 _a202311
_bLúcia
_c55
_dLúcia Elande
942 _2AGRIS
_n0
_cANA
999 _c192745
_d192745